| 000 | 00462nam a22002057a 4500 | ||
|---|---|---|---|
| 003 | OSt | ||
| 005 | 20251023115906.0 | ||
| 008 | 251023b |||||||| |||| 00| 0 eng d | ||
| 040 | _cSKBL | ||
| 041 | _aeng | ||
| 082 |
_a332.6 _bTRI |
||
| 100 |
_aDr. Vanita Tripathi _eaut |
||
| 245 | _aFundamentals of Investments | ||
| 250 | _a6th | ||
| 260 | _bTaxmann Publications (P.)Ltd | ||
| 300 | _a622 | ||
| 700 | _eaut | ||
| 856 | _uwww.taxmann.com | ||
| 942 | _cBK | ||
| 999 |
_c67627 _d67627 |
||